000
00304nam a2200109Ia 4500
008
171211s9999 xx 000 0 und d
245
_a
Testing Prayer: Science and Healing
245
_c
Candy Gunther Brown
260
_c
2012
650
_x
Religion
856
_u
http://down.ebook777.com/061/0674064674.pdf
999
_c
350536
_d
350536